Movies Quiz

Random Movies or Quote Quiz

Clickable Godfather Words Quiz Stats

 Plays Quiz Updated Oct 26, 2017

Score 0/28 Timer 06:00
1 Play Today
% Correct
Dead
93.9%
Offer
93.7%
Brother
93.6%
Wedding
93.4%
Bing
92.4%
Business
90.9%
Family
90.3%
Fishes
90.2%
Peace
89.5%
Favor
87.8%
Sicilian
86.5%
Innocent
86.2%
Cannoli
84.4%
Communists
83%
% Correct
Gun
82.7%
Careless
81.7%
Drugs
80.7%
Ridiculous
77.9%
Vengeance
77.1%
Women
76%
Sister
74.2%
Justice
74.1%
America
74%
Horse
68.5%
Blood
66.6%
Movie
66.5%
Hotel
61.6%
Brains
60.2%

You're not logged in!

Compare scores with friends on all Sporcle quizzes.
OR
Log In

You Might Also Like...

Show Comments

Extras

Top Quizzes Today


Score Distribution

Your Account Isn't Verified!

In order to create a playlist on Sporcle, you need to verify the email address you used during registration. Go to your Sporcle Settings to finish the process.

Report this User

Report this user for behavior that violates our Community Guidelines.

Details: